000 00662nam a2200241Ia 4500
003 OSt
005 20220918192548.0
006 a|||||r|||| 00| 0
007 ta
008 220917b |||||||| |||| 00| 0 eng d
024 _a69,026
037 _cTextual
040 _aARTS
_cARTS
_beng
041 _2eng
_aeng
082 _aR3:Q, L2-;1
100 _aCharlesworth M J
_976778
245 0 _aPhilosophy of religion
_b the historic approaches
260 _aLondon
_bMacmillan
_c1972
300 _axiv,215p.
_ccm.
490 _aPhilosophy of religion series
942 _hR3:Q, L2-;1
_cTEXL
_2CC
999 _c195189
_d195189